000 00317nam a22001337a 4500
020 _a9781402067778
082 _a631.45
_bBRA/LA
245 _aLand Use and Soil Resources
260 _aStockholm
_bSpringer
_c2007
300 _a253
700 _aBraimoh,Ademola K.
_9675
700 _aVlek,Paul L.G
_9676
942 _cREF
999 _c14421
_d14421